| 000 | 01291ncm0a2200349 4500 | ||
|---|---|---|---|
| 001 | RU\NLR\ONIZ\214781 | ||
| 005 | 20250626034807.0 | ||
| 010 | _a5-901481-07-0 | ||
| 021 |
_aRU _b03-292 _903-12 |
||
| 035 | _aRU\NLR\ONIZ\GALA\5000028786\20160913195743 | ||
| 035 | _a(NLR Aleph) 011273410 | ||
| 090 |
_a10830822 _c10830822 |
||
| 100 | _a20160913d2001 |||y0rusy50 ca | ||
| 101 | 0 | _arus | |
| 102 | _aRU | ||
| 125 | _aax | ||
| 200 | 1 |
_aУчись аккомпанировать на гитаре _bНоты _eсамоучитель _fН. Птиченко |
|
| 210 |
_aСанкт-Петербург _cН. И. Птиченко _d2001 |
||
| 215 |
_a102 с. _d29 см |
||
| 606 | 1 |
_aГитара классическая _xАккомпанемент _yРоссия _z20-21 век _2nlr_sh |
|
| 686 |
_aЩ956.419.1(2Р=Р) _vLBC/SL _2rubbk |
||
| 700 | 1 |
_9z01790 _aПтиченко _bН. И. _gНиколай Иванович _4070 _7ca |
|
| 790 | 1 |
_9z01700 _aPtičenko _bN. I. _gNikolaj Ivanovič _4070 _7ba |
|
| 801 | 0 |
_aRU _bNLR _c20160913 _gPSBO |
|
| 801 | 1 |
_aRU _bNLR _c20160913 _2rusmarc |
|
| 801 | 2 |
_aRU _bNLR _c20190630 |
|
| 852 |
_aNLR _bМ _jК-3/25091а _pМОЭ 2003-12/292а _t2 |
||
| 852 |
_aNLR _bМ _jК-3/25091 _pМОЭ 2003-12/292 _t1 |
||
| 942 | _cSCORE | ||
| 980 | _aNB | ||
| 980 | _aONIZ | ||